| 000 | 00967nam a22003135a 4500 | ||
|---|---|---|---|
| 008 | 150816t1997 maua|||fr|||| 001 0 eng d | ||
| 010 | _a009407644 | ||
| 020 | _a0321014405 | ||
| 020 | _a9780321014405 | ||
| 028 | _bwww.lib.uk | ||
| 040 |
_aEG-ScBUE _b eng _cEG-ScBUE |
||
| 082 | 0 | 4 |
_a332 _bMIS _222 |
| 100 | 1 | _aMishkin,Fredric s. | |
| 245 | 1 | 4 |
_athe economics of money ,banking,and financial markets / _cFrederic S.Mishkin |
| 250 | _a5th ed. | ||
| 260 |
_aMassachusetts : _bAddison Wesely, _c1997. |
||
| 300 |
_a[Various pagings] : _bill; _g22cm |
||
| 490 | 0 | _athe economics of money ,banking,and financial markets | |
| 500 | _aIndex. | ||
| 500 | _aAppendix . | ||
| 500 | _aGlossary | ||
| 500 | _aAnswer to selected questions and problems . | ||
| 504 | _aIncludes bibliographical references. | ||
| 650 |
_aMoney _2BUEsh |
||
| 650 |
_aFinance _2BUEsh |
||
| 651 | _2BUEsh | ||
| 653 |
_bBUSECO _cAugust2015 |
||
| 942 |
_cBB _k332 MIS _2ddc |
||
| 999 |
_c8118 _d4282 |
||